| 000 | 00917nam a2200313 a 4500 | ||
|---|---|---|---|
| 003 | AR-BaBNM | ||
| 005 | 20251128204428.0 | ||
| 008 | 082120s2002 ||||||||||||||000 | spa|| | ||
| 040 | _cAR-BaBNM | ||
| 100 | 1 | _aArranz, Marceliano | |
| 245 | 0 | 0 |
_aSociobiología _bgenes, cerebro, espíritu |
| 260 |
_aBuenos Aires _bDocencia _c1986 |
||
| 300 | _a46 p. | ||
| 490 | 0 |
_aCongreso pedagógico. Compromiso y creatividad _vv. 34 |
|
| 504 | _aContiene bibliografía en notas al final de cada capítulo | ||
| 650 | 4 | _aHOMBRE | |
| 650 | 4 | _aNATURALEZA HUMANA | |
| 650 | 4 | _aINVESTIGACION BIOLOGICA | |
| 650 | 4 | _aANTROPOLOGIA | |
| 650 | 4 | _aGENES | |
| 650 | 4 | _aPEDAGOGIA | |
| 650 | 4 | _aFINALIDADES DE LA EDUCACION | |
| 650 | 4 | _aSOCIOLOGIA DEL CONOCIMIENTO | |
| 650 | 4 | _aDESARROLLO MENTAL | |
| 650 | 4 | _aINVESTIGACION CIENTIFICA | |
| 800 | 1 |
_aGómez de Mier, Eugenio _ecoordinador |
|
| 942 | _cBK | ||
| 998 | _cEthel | ||
| 999 |
_c7392 _d7392 |
||